000 01286cam a2200337 i 4500
999 _c41169
_d41169
001 20464439
003 OSt97
005 20210702141932.0
008 180423s2019 flua b 001 0 eng
010 _a 2018018724
020 _a9780367148591
040 _aDLC
_beng
_cDLC
_erda
_dDLC
042 _apcc
050 0 0 _aQA268
_b.S75 2019
082 0 0 _a005.82
_223
_bSTI/C
100 _aStinson, Douglas R
_q(Douglas Robert),
_d1956-
_eauthor.
_95375
245 1 0 _aCryptography :
_btheory and practice /
_cDouglas R. Stinson, Maura B. Paterson.
250 _aFourth edition.
264 1 _aBoca Raton :
_bCRC Press, Taylor & Francis Group,
_c2019.
300 _axvii, 580 pages :
_billustrations ;
_c26 cm
336 _atext
_btxt
_2rdacontent
337 _aunmediated
_bn
_2rdamedia
338 _avolume
_bnc
_2rdacarrier
504 _aIncludes bibliographical references (pages 551-566) and index.
650 0 _aCoding theory.
650 0 _aCryptography.
700 1 _aPaterson, Maura B.,
_eauthor.
906 _a7
_bcbc
_corignew
_d1
_eecip
_f20
_gy-gencatlg
942 _2ddc
_cBK
_h005.82
_iSTI/C
_k005.82
_mSTI/C